[Event "SRB-chT2 West"]
[Site "Arandjelovac"]
[Date "2018.09.07"]
[Round "1.1"]
[White "Stojanovic, Marko"]
[Black "Kolognat, Petar"]
[Result "0-1"]
[WhiteElo "2263"]
[BlackElo "2329"]
[PlyCount "92"]
[EventDate "2018.09.07"]
[EventType "team-tourn"]
[EventRounds "11"]
[EventCountry "SRB"]
[SourceTitle "EXT 2021"]
[Source "ChessBase"]
[SourceDate "2020.10.23"]
[SourceVersion "1"]
[SourceVersionDate "2020.10.23"]
[SourceQuality "1"]
[WhiteTeam "Lipnicki Sor Sloga"]
[BlackTeam "Krupanj"]
[WhiteTeamCountry "SRB"]
[BlackTeamCountry "SRB"]

1. e4 c5 2. Nf3 e6 3. d4 cxd4 4. Nxd4 Nf6 5. Nc3 d6 6. Be3 a6 7. a4 b6 8. Bd3 Be7 9. 0-0 0-0 10. f4 Qc7 11. Qf3 Nbd7 12. Nb3 Bb7 13. Rae1 d5 14. exd5 Nxd5 15. Nxd5 Bxd5 16. Qh3 Nf6 17. Bd4 h6 18. Be5 Qc8 19. Nd2 Nd7 20. Bc3 f5 21. Kh1 Qc6 22. Qg3 Rf7 23. Be2 Bf6 24. Bh5 g6 25. Bf3 Bxc3 26. bxc3 Kh7 27. Bxd5 Qxd5 28. Nb3 Nf6 29. Qe3 Ne4 30. Qxb6 Rc8 31. Rd1 Qc4 32. Rd3 Nxc3 33. Nd2 Qc6 34. Rd6 Qxb6 35. Rxb6 Nxa4 36. Rxa6 Rxc2 37. Nf3 Nc5 38. Rc6 Rc3 39. Re1 Re7 40. Nd4 Kg7 41. h4 Kf6 42. Nxe6 Ne4 43. Rxc3 Nxc3 44. Re3 Nd5 45. Re5 Nxf4 46. Nxf4 Rxe5 0-1

[Event "Srpska Republic-chT 1st League"]
[Site "Banja Dvorovi"]
[Date "2018.08.09"]
[Round "6.2"]
[White "Stojanovic, Marko"]
[Black "Savic, Miodrag R"]
[Result "0-1"]
[WhiteElo "2289"]
[BlackElo "2519"]
[PlyCount "32"]
[EventDate "2018.08.04"]
[EventType "team-tourn"]
[EventRounds "9"]
[EventCountry "BIH"]
[SourceTitle "CBM 186 Extra"]
[Source "ChessBase"]
[SourceDate "2018.08.24"]
[SourceVersion "1"]
[SourceVersionDate "2018.08.24"]
[SourceQuality "1"]
[WhiteTeam "Zvornik Drina"]
[BlackTeam "Trebinje Leotar"]
[WhiteTeamCountry "BIH"]
[BlackTeamCountry "BIH"]

1. Nc3 d5 2. d4 Nf6 3. Bg5 Nbd7 4. Nf3 h6 5. Bf4 c6 6. Qd3 e6 7. a3 Nh5 8. Bd2 c5 9. e4 cxd4 10. Nxd4 e5 11. Nf5 d4 12. Nd5 Nhf6 13. Qc4 Nxd5 14. Qxd5 Qc7 15. Bb5 g6 16. Ba5 Qxa5+ 0-1

[Event "Srpska Republic-chT 1st League"]
[Site "Banja Dvorovi"]
[Date "2018.08.05"]
[Round "2.4"]
[White "Stojanovic, Marko"]
[Black "Budisavljevic, Luka"]
[Result "1/2-1/2"]
[WhiteElo "2289"]
[BlackElo "2303"]
[PlyCount "93"]
[EventDate "2018.08.04"]
[EventType "team-tourn"]
[EventRounds "9"]
[EventCountry "BIH"]
[SourceTitle "CBM 186 Extra"]
[Source "ChessBase"]
[SourceDate "2018.08.24"]
[SourceVersion "1"]
[SourceVersionDate "2018.08.24"]
[SourceQuality "1"]
[WhiteTeam "Zvornik Drina"]
[BlackTeam "Dvorovi"]
[WhiteTeamCountry "BIH"]
[BlackTeamCountry "BIH"]

1. e4 c5 2. Nf3 e6 3. d4 cxd4 4. Nxd4 a6 5. c4 Nf6 6. Bd3 Nc6 7. Nxc6 dxc6 8. Be3 e5 9. h3 Nd7 10. 0-0 Bc5 11. Qe2 Qe7 12. Nd2 Bxe3 13. Qxe3 Nc5 14. Nf3 a5 15. Rfd1 0-0 16. Bc2 f6 17. Qa3 Be6 18. b3 b6 19. Rd2 Rfd8 20. Rad1 Rxd2 21. Rxd2 Kf7 22. Qc1 Rd8 23. Qd1 Rxd2 24. Qxd2 Qd7 25. Qe3 Qd6 26. Qd2 Ke7 27. Kf1 Bf7 28. Ke1 Ne6 29. g3 Bh5 30. Nh4 Bg6 31. Qxd6+ Kxd6 32. Kd2 Kc5 33. Kc3 b5 34. cxb5 cxb5 35. a3 b4+ 36. axb4+ axb4+ 37. Kd3 Bf7 38. Nf3 Bh5 39. Bd1 Be8 40. Ke3 Bb5 41. h4 g6 42. Bc2 Kb6 43. g4 h6 44. Bd1 Kc5 45. Nd2 Nf4 46. Nf3 Kd6 47. Ne1 1/2-1/2

[Event "Srpska Republic-chT 1st League"]
[Site "Banja Dvorovi"]
[Date "2018.08.04"]
[Round "1.2"]
[White "Stojanovic, Dalibor"]
[Black "Stojanovic, Marko"]
[Result "1-0"]
[WhiteElo "2480"]
[BlackElo "2289"]
[PlyCount "81"]
[EventDate "2018.08.04"]
[EventType "team-tourn"]
[EventRounds "9"]
[EventCountry "BIH"]
[SourceTitle "CBM 186 Extra"]
[Source "ChessBase"]
[SourceDate "2018.08.24"]
[SourceVersion "1"]
[SourceVersionDate "2018.08.24"]
[SourceQuality "1"]
[WhiteTeam "Brcko Jedinstvo"]
[BlackTeam "Zvornik Drina"]
[WhiteTeamCountry "BIH"]
[BlackTeamCountry "BIH"]

1. e4 c5 2. Nc3 a6 3. Nf3 d6 4. d4 cxd4 5. Nxd4 Nf6 6. Be2 e5 7. Nb3 Be6 8. Be3 Be7 9. Nd5 Nbd7 10. Qd3 Bxd5 11. exd5 0-0 12. 0-0 b6 13. f3 Qc7 14. Qd2 b5 15. a4 bxa4 16. Na5 Nb6 17. c4 Nfd7 18. Nc6 Bf6 19. Qa5 Rfc8 20. Ra2 Qb7 21. Rb1 Rxc6 22. dxc6 Qxc6 23. Bd3 Rc8 24. Ra3 Bd8 25. Qxa6 Nc5 26. Bxc5 Qxc5+ 27. Kh1 g6 28. Rc3 Kg7 29. Bc2 Bf6 30. Be4 Be7 31. b4 Qd4 32. Rd3 Qxc4 33. Qxb6 f5 34. Qb7 Rc7 35. Qd5 fxe4 36. fxe4 Qc2 37. Rf1 h5 38. Rg3 Bh4 39. Rgf3 Kh6 40. Qxd6 Ra7 41. g3 1-0

[Event "Stari Banovci Vidovdan op"]
[Site "Stari Banovci"]
[Date "2018.06.30"]
[Round "3"]
[White "Stojanovic, Marko"]
[Black "Lajthajm, Borko"]
[Result "0-1"]
[WhiteElo "2268"]
[BlackElo "2432"]
[PlyCount "90"]
[EventDate "2018.06.29"]
[EventType "swiss"]
[EventRounds "9"]
[EventCountry "SRB"]
[SourceTitle "CBM 185 Extra"]
[Source "ChessBase"]
[SourceDate "2018.07.29"]
[SourceVersion "1"]
[SourceVersionDate "2018.07.29"]
[SourceQuality "1"]

1. b3 d5 2. Bb2 c5 3. e3 Nc6 4. Bb5 Bd7 5. Nf3 f6 6. c4 Nb4 7. Bxd7+ Qxd7 8. d4 dxc4 9. bxc4 cxd4 10. a3 Nc6 11. exd4 Qe6+ 12. Qe2 Qxe2+ 13. Kxe2 e6 14. Nbd2 Nge7 15. Rhe1 Rd8 16. Kf1 Kf7 17. Re4 Rd7 18. Rae1 Nd8 19. g4 h6 20. Nb3 Ng6 21. h4 h5 22. g5 Rg8 23. Bc3 Bd6 24. Bb4 b6 25. Bxd6 Rxd6 26. a4 Re8 27. a5 Re7 28. axb6 axb6 29. Ra1 Rc7 30. Ra4 Nc6 31. gxf6 gxf6 32. Ra6 Nb4 33. Ra4 Nd3 34. Nbd2 Rdc6 35. Ra2 b5 36. cxb5 Rc1+ 37. Ne1 Rd7 38. Ra5 Nxh4 39. Rxh4 Rxe1+ 40. Kg2 Kg6 41. Re4 Rd1 42. Nf3 Kh6 43. Nh4 Kg5 44. Nf3+ Kf5 45. Rh4 Rg7+ 0-1

[Event "Srpska Republic-chT 1st League"]
[Site "Banja Dvorovi"]
[Date "2017.08.16"]
[Round "5.3"]
[White "Kuzmanovic, Slobodan"]
[Black "Stojanovic, Marko"]
[Result "1/2-1/2"]
[WhiteElo "2136"]
[BlackElo "2278"]
[PlyCount "30"]
[EventDate "2017.08.12"]
[EventType "team-tourn"]
[EventRounds "9"]
[EventCountry "BIH"]
[SourceTitle "EXT 2019"]
[Source "ChessBase"]
[SourceDate "2018.10.10"]
[SourceVersion "1"]
[SourceVersionDate "2018.10.10"]
[SourceQuality "1"]
[WhiteTeam "Teslic Mladost"]
[BlackTeam "Zvornik Drina"]
[WhiteTeamCountry "BIH"]
[BlackTeamCountry "BIH"]

1. e4 c5 2. Nf3 d6 3. Bb5+ Bd7 4. Bxd7+ Nxd7 5. 0-0 Ngf6 6. Re1 Qc7 7. c3 Rc8 8. d4 cxd4 9. Qxd4 a6 10. Nbd2 g6 11. e5 dxe5 12. Nxe5 Nxe5 13. Qxe5 Qxe5 14. Rxe5 Bg7 15. Re1 0-0 1/2-1/2

[Event "Srpska Republic-chT 1st League"]
[Site "Banja Dvorovi"]
[Date "2017.08.12"]
[Round "1.1"]
[White "Dimic, Pavle"]
[Black "Stojanovic, Marko"]
[Result "1-0"]
[WhiteElo "2341"]
[BlackElo "2278"]
[PlyCount "83"]
[EventDate "2017.08.12"]
[EventType "team-tourn"]
[EventRounds "9"]
[EventCountry "BIH"]
[SourceTitle "EXT 2019"]
[Source "ChessBase"]
[SourceDate "2018.10.10"]
[SourceVersion "1"]
[SourceVersionDate "2018.10.10"]
[SourceQuality "1"]
[WhiteTeam "Derventa"]
[BlackTeam "Zvornik Drina"]
[WhiteTeamCountry "BIH"]
[BlackTeamCountry "BIH"]

1. d4 Nf6 2. Nf3 e6 3. c4 b6 4. a3 Bb7 5. Nc3 d5 6. Bg5 Be7 7. Bxf6 Bxf6 8. cxd5 exd5 9. Qa4+ Qd7 10. Qc2 0-0 11. Rd1 Qe7 12. g3 Nd7 13. Bg2 Rfd8 14. 0-0 Rac8 15. Rfe1 c5 16. Bh3 cxd4 17. Nxd4 Rc4 18. e3 g6 19. Bg2 Bxd4 20. exd4 Qf6 21. Qd3 Nf8 22. Nxd5 Bxd5 23. Bxd5 Rc7 24. Bb3 Rcd7 25. Re4 h6 26. Qe3 Kg7 27. h4 Nh7 28. Rf4 Qd6 29. d5 f5 30. h5 Ng5 31. Rc4 Qf6 32. Rc6 Rd6 33. Rxd6 Rxd6 34. Rc1 gxh5 35. Rc7+ Nf7 36. Qf4 a5 37. Bd1 Qd8 38. Qc4 Kg6 39. Bxh5+ Kxh5 40. Rxf7 Rxd5 41. Qe2+ Kg6 42. Qe6+ 1-0

[Event "SRB-chT2 West CS"]
[Site "Serbia"]
[Date "2016.10.07"]
[Round "8.3"]
[White "Bojovic, Dusan"]
[Black "Stojanovic, Marko"]
[Result "1-0"]
[WhiteElo "2246"]
[BlackElo "2329"]
[PlyCount "95"]
[EventDate "2016.09.04"]
[EventType "team-tourn"]
[EventRounds "11"]
[EventCountry "SRB"]
[SourceTitle "EXT 2018"]
[Source "ChessBase"]
[SourceDate "2017.10.13"]
[SourceVersion "1"]
[SourceVersionDate "2017.10.13"]
[SourceQuality "1"]

1. e4 e5 2. Nf3 Qe7 3. Nc3 c6 4. d4 d6 5. Be3 Nf6 6. h3 h6 7. a4 a5 8. Qd2 Qc7 9. Bc4 Be7 10. 0-0-0 Nbd7 11. dxe5 dxe5 12. g4 Nh7 13. h4 Ndf8 14. Rhg1 Be6 15. Qe2 Bxc4 16. Qxc4 Ne6 17. g5 hxg5 18. hxg5 Nhf8 19. g6 fxg6 20. Ng5 Bxg5 21. Rxg5 Rd8 22. Rxd8+ Kxd8 23. Rg1 Kc8 24. b3 Kb8 25. Nd1 Qd6 26. Nb2 Nd4 27. Rd1 Nfe6 28. c3 b5 29. axb5 cxb5 30. Qd5 Qxd5 31. exd5 Nxb3+ 32. Kc2 Nec5 33. c4 Nd4+ 34. Bxd4 exd4 35. cxb5 Rh4 36. Ra1 d3+ 37. Kc3 a4 38. Nc4 Nb3 39. Rg1 Rh3 40. d6 Nc5 41. Re1 Rh8 42. Kb4 d2 43. Rb1 Nd3+ 44. Kc3 Nxf2 45. Nxd2 a3 46. Nc4 a2 47. Ra1 Rh3+ 48. Kd4 1-0

[Event "BIH-chT1"]
[Site "Dvorovi"]
[Date "2016.08.09"]
[Round "4"]
[White "Stojanovic, Marko"]
[Black "Pastar, Slaven"]
[Result "1-0"]
[WhiteElo "2308"]
[BlackElo "2238"]
[PlyCount "114"]
[EventDate "2016.08.06"]
[EventType "team-tourn"]
[EventRounds "9"]
[EventCountry "BIH"]
[SourceTitle "CBM 174 Extra"]
[Source "ChessBase"]
[SourceDate "2016.10.10"]
[SourceVersion "1"]
[SourceVersionDate "2016.10.10"]
[SourceQuality "1"]

1. e4 b6 2. d4 Bb7 3. Bd3 e6 4. Nf3 Nf6 5. Qe2 d5 6. e5 Nfd7 7. 0-0 c5 8. c3 Nc6 9. a3 a5 10. Bf4 Qc8 11. Rd1 c4 12. Bc2 b5 13. Nbd2 b4 14. Ng5 g6 15. Qg4 Nb6 16. Ndf3 Be7 17. axb4 axb4 18. Rxa8 Qxa8 19. h4 h5 20. Qg3 Rg8 21. Bd2 Qa2 22. Qf4 Nd8 23. cxb4 Qxb2 24. Rc1 c3 25. Bxc3 Qxc3 26. Bxg6 Qxc1+ 27. Qxc1 Rxg6 28. b5 Nc4 29. g3 Bc8 30. Nh3 Bd7 31. Nf4 Rg4 32. Qb1 Na3 33. Qh7 Bxb5 34. Qxh5 Rg8 35. Qh7 Rf8 36. h5 Ba4 37. h6 Bc2 38. Qg7 Be4 39. h7 Bxf3 40. Qxf8+ Bxf8 41. h8Q Nb5 42. Nd3 Nxd4 43. Nc5 Nf5 44. Nb3 Nc6 45. Nd2 Be2 46. f3 Nce7 47. g4 Ng6 48. Qh2 Bc5+ 49. Kh1 Nd4 50. Kg2 Bb5 51. Qh6 Ne2 52. Nb3 Nef4+ 53. Kg3 Be3 54. Qg7 Ne2+ 55. Kh2 Bb6 56. Qg8+ Nf8 57. Kg2 Bc6 1-0

[Event "BIH-chT1"]
[Site "Dvorovi"]
[Date "2016.08.06"]
[Round "1"]
[White "Kuzmanovic, Slobodan"]
[Black "Stojanovic, Marko"]
[Result "0-1"]
[WhiteElo "2118"]
[BlackElo "2308"]
[PlyCount "66"]
[EventDate "2016.08.06"]
[EventType "team-tourn"]
[EventRounds "9"]
[EventCountry "BIH"]
[SourceTitle "CBM 174 Extra"]
[Source "ChessBase"]
[SourceDate "2016.10.10"]
[SourceVersion "1"]
[SourceVersionDate "2016.10.10"]
[SourceQuality "1"]

1. e4 e5 2. Nf3 Qe7 3. Nc3 c6 4. Bc4 h6 5. a4 Nf6 6. 0-0 d6 7. d4 a5 8. h3 g5 9. Nh2 Rg8 10. Be2 Na6 11. Ng4 Bxg4 12. Bxg4 Nb4 13. Be3 h5 14. Bf5 g4 15. h4 Nd7 16. Bg5 Rxg5 17. hxg5 Qxg5 18. Bxd7+ Kxd7 19. dxe5 Qxe5 20. Qd2 Be7 21. f4 Qc5+ 22. Kh1 Rg8 23. e5 d5 24. f5 g3 25. f6 Bf8 26. Qf4 Rg4 27. Qf5+ Kc7 28. Rf4 Rg8 29. Qh7 Rg5 30. e6 Qe3 31. Qxf7+ Kb6 32. Rh4 Re5 33. Rf1 Qf2 0-1

[Event "SRB-chT3 North CS"]
[Site "Sabac"]
[Date "2014.10.04"]
[Round "4.1"]
[White "Stojanovic, Marko"]
[Black "Stojanovic, Dusko"]
[Result "1-0"]
[WhiteElo "2268"]
[BlackElo "1987"]
[PlyCount "97"]
[EventDate "2014.10.02"]
[EventType "team-swiss"]
[EventRounds "6"]
[EventCountry "SRB"]
[SourceTitle "EXT 2021"]
[Source "ChessBase"]
[SourceDate "2020.10.23"]
[SourceVersion "1"]
[SourceVersionDate "2020.10.23"]
[SourceQuality "1"]

1. e4 c5 2. Nf3 a6 3. d4 cxd4 4. Nxd4 Nf6 5. Nc3 e5 6. Nf3 Bb4 7. Bd2 Qc7 8. Bd3 d6 9. 0-0 Bg4 10. Nb5 Qc6 11. Bxb4 axb5 12. Qe2 Bd7 13. Bd2 Na6 14. b4 Nc7 15. Rfc1 Be6 16. a4 bxa4 17. b5 Qb6 18. Be3 Qa5 19. b6 Na6 20. Rxa4 Qc3 21. Rca1 0-0 22. h3 Nd7 23. Ng5 Ndc5 24. R4a3 Qb4 25. c3 Qxb6 26. Nxe6 fxe6 27. Bc4 Qd8 28. Bxc5 dxc5 29. Bxe6+ Kh8 30. Bd5 Nc7 31. Rxa8 Nxa8 32. Bxb7 Nc7 33. Qc4 Qd6 34. Bd5 Rd8 35. Ra5 h5 36. Qxc5 Qh6 37. Ra1 Nxd5 38. exd5 e4 39. Qd4 Qg5 40. c4 Qf6 41. Qxf6 gxf6 42. Ra7 Kg8 43. Rc7 Kf8 44. g4 hxg4 45. hxg4 Ke8 46. Kg2 Rd6 47. Kg3 Kd8 48. Rc6 Kd7 49. Kf4 1-0

[Event "SRB-chT3 North CS"]
[Site "Serbia"]
[Date "2012.09.23"]
[Round "4.2"]
[White "Zupe, Miran"]
[Black "Stojanovic, Marko"]
[Result "1/2-1/2"]
[WhiteElo "2330"]
[BlackElo "2339"]
[PlyCount "27"]
[EventDate "2012.09.21"]
[EventType "team"]
[EventRounds "10"]
[EventCountry "SRB"]
[SourceTitle "EXT 2015"]
[Source "ChessBase"]
[SourceDate "2014.11.20"]
[SourceVersion "1"]
[SourceVersionDate "2014.11.20"]
[SourceQuality "1"]

1. e4 e5 2. Nf3 Qe7 3. g3 Nf6 4. Nc3 c6 5. Bg2 d6 6. 0-0 Qc7 7. d4 Be7 8. a4 0-0 9. h3 a5 10. b3 Nbd7 11. Bb2 Re8 12. Re1 Bf8 13. Qd2 b6 14. Rad1 1/2-1/2

[Event "Srpska Republic-chT 1st League"]
[Site "Banja Vrucica"]
[Date "2011.08.12"]
[Round "7"]
[White "Stojanovic, Marko"]
[Black "Lajthajm, Borko"]
[Result "0-1"]
[WhiteElo "2345"]
[BlackElo "2481"]
[PlyCount "80"]
[EventDate "2011.08.06"]
[EventType "team-tourn"]
[EventRounds "9"]
[EventCountry "BIH"]
[SourceTitle "EXT 2019"]
[Source "ChessBase"]
[SourceDate "2018.10.10"]
[SourceVersion "1"]
[SourceVersionDate "2018.10.10"]
[SourceQuality "1"]

1. e4 c5 2. Nf3 e6 3. d3 b6 4. g3 Bb7 5. Bg2 d6 6. 0-0 Nf6 7. Re1 Nbd7 8. Nbd2 Qc7 9. a4 g6 10. Nc4 Bg7 11. Bf4 e5 12. Bd2 0-0 13. Qc1 Rae8 14. Bh6 d5 15. exd5 Bxd5 16. Bxg7 Kxg7 17. Ne3 Bc6 18. Nh4 Bxg2 19. Kxg2 Qc6+ 20. f3 Ng8 21. a5 b5 22. c4 b4 23. g4 Qf6 24. Kh3 Ne7 25. Rg1 Rd8 26. Rg3 Nb8 27. Qd2 Nbc6 28. Rf1 Kh8 29. g5 Qe6+ 30. Kg2 Nxa5 31. f4 Nxc4 32. Nxc4 Qxc4 33. fxe5 Qxh4 34. Rf4 Qh5 35. Re4 Rd4 36. Rh3 Rxe4 37. Rxh5 Rg4+ 38. Kh1 gxh5 39. Qf2 Ng6 40. Qxc5 Rxg5 0-1

[Event "Srpska Republic-chT 1st League"]
[Site "Trebinje"]
[Date "2009.08.14"]
[Round "5"]
[White "Stojanovic, Marko"]
[Black "Lajthajm, Borko"]
[Result "1/2-1/2"]
[WhiteElo "2253"]
[BlackElo "2484"]
[PlyCount "91"]
[EventDate "2009.08.10"]
[EventType "team-tourn"]
[EventRounds "9"]
[EventCountry "BIH"]
[SourceTitle "EXT 2019"]
[Source "ChessBase"]
[SourceDate "2018.10.10"]
[SourceVersion "1"]
[SourceVersionDate "2018.10.10"]
[SourceQuality "1"]

1. e4 e6 2. d3 b6 3. Nf3 Bb7 4. Nbd2 d5 5. c3 Ne7 6. Qc2 Ng6 7. g3 Nd7 8. Bg2 dxe4 9. Nxe4 Be7 10. 0-0 0-0 11. Rd1 Nf6 12. Nxf6+ Bxf6 13. d4 Rb8 14. h4 Qd5 15. Qe2 Qh5 16. Re1 Rfd8 17. Bg5 Bxg5 18. Nxg5 Qxe2 19. Rxe2 Bxg2 20. Kxg2 Rd5 21. Nf3 Rbd8 22. a4 a5 23. Rae1 h6 24. Re4 Kf8 25. R1e2 Kg8 26. Re1 b5 27. Ra1 Rb8 28. Re2 b4 29. cxb4 Rxb4 30. Rc2 c6 31. Rxc6 Rxb2 32. Rc8+ Kh7 33. Rc7 Kg8 34. Rac1 Rf5 35. R1c5 Rxc5 36. Rxc5 Ne7 37. Rxa5 f6 38. h5 Nf5 39. Ra8+ Kf7 40. Ra7+ Kg8 41. a5 Ne3+ 42. Kg1 Rb1+ 43. Kh2 Rb2 44. Kg1 Rb1+ 45. Kh2 Rb2 46. Kg1 1/2-1/2

[Event "SRB-chT2 West"]
[Site "Serbia"]
[Date "2007.09.23"]
[Round "3.2"]
[White "Stojanovic, Marko"]
[Black "Dragasevic, Dragan"]
[Result "1-0"]
[WhiteElo "2233"]
[BlackElo "2182"]
[PlyCount "83"]
[EventDate "2007.09.09"]
[EventType "team"]
[EventRounds "11"]
[EventCountry "SRB"]
[SourceTitle "EXT 2012"]
[Source "ChessBase"]
[SourceDate "2011.11.24"]
[SourceVersion "1"]
[SourceVersionDate "2011.11.24"]
[SourceQuality "1"]
[WhiteTeam "Sloga Simaks"]
[BlackTeam "Ljig Spartak"]
[WhiteTeamCountry "SRB"]
[BlackTeamCountry "SRB"]

1. e4 d6 2. d4 Nf6 3. Nc3 g6 4. f3 c6 5. a4 Bg7 6. Be3 Nbd7 7. Qd2 Qc7 8. Bc4 a6 9. Nge2 Rb8 10. a5 c5 11. Nd5 Nxd5 12. Bxd5 e6 13. Bb3 0-0 14. 0-0 cxd4 15. Bxd4 Bxd4+ 16. Qxd4 Nc5 17. Bc4 b5 18. axb6 Rxb6 19. b3 Bd7 20. Rfd1 Bb5 21. Rd2 Rc8 22. Rad1 Rc6 23. Bxb5 axb5 24. Kf1 Na6 25. Qf6 Qd8 26. Qf4 Qe7 27. Rxd6 e5 28. Rxc6 exf4 29. Rxc8+ Kg7 30. Nxf4 Nb4 31. Ne2 Na6 32. Rdd8 Nc7 33. Nd4 b4 34. g3 Kh6 35. Kg2 Kg7 36. Nc6 Qc5 37. Rxc7 Qxc2+ 38. Kh3 Qxb3 39. Nd4 Qe3 40. Rdd7 Kh6 41. Kg2 Qd2+ 42. Kf1 1-0

[Event "SRB-chT2 West"]
[Site "Serbia"]
[Date "2006.10.27"]
[Round "9.1"]
[White "Martic, Ivan"]
[Black "Stojanovic, Marko"]
[Result "0-1"]
[WhiteElo "2329"]
[BlackElo "2263"]
[PlyCount "136"]
[EventDate "2006.09.09"]
[EventType "team"]
[EventRounds "11"]
[EventCountry "SRB"]
[SourceTitle "EXT 2012"]
[Source "ChessBase"]
[SourceDate "2011.11.24"]
[SourceVersion "1"]
[SourceVersionDate "2011.11.24"]
[SourceQuality "1"]

1. e4 e5 2. Nf3 Qe7 3. Nc3 Nf6 4. Be2 c5 5. 0-0 d6 6. d3 h6 7. Nd2 g5 8. Nc4 Be6 9. a3 Nc6 10. Ne3 Qd7 11. Ncd5 Bxd5 12. exd5 Ne7 13. c4 Bg7 14. Rb1 0-0 15. b4 b6 16. Bf3 Rac8 17. Bd2 Ng6 18. Be4 Ne7 19. f3 Rc7 20. g4 Ne8 21. Bf5 Qd8 22. Qa4 Bh8 23. Kh1 Ng7 24. Be4 f5 25. gxf5 Ngxf5 26. Ng4 Bg7 27. bxc5 dxc5 28. Rbc1 Qd6 29. Qd1 Ng6 30. Bc3 Ngh4 31. a4 Rcf7 32. a5 Nd4 33. Bxd4 exd4 34. axb6 axb6 35. Qe2 h5 36. Nf2 Nxf3 37. Bxf3 Rxf3 38. Ne4 Qf4 39. Rxf3 Qxf3+ 40. Qxf3 Rxf3 41. d6 Bf8 42. d7 Be7 43. Nd6 Kf8 44. Kg2 g4 45. Nb7 Re3 46. Rf1+ Kg7 47. Rd1 Kf6 48. d8Q Bxd8 49. Nxd8 Ke7 50. Nc6+ Kd7 51. Na7 Ke6 52. Nb5 Kd7 53. Rd2 h4 54. Na3 Kc6 55. Nb5 Kd7 56. Kf2 Rf3+ 57. Kg2 Re3 58. Na3 Kc6 59. Kf2 Rf3+ 60. Kg2 Re3 61. Nc2 Rf3 62. Ne1 Re3 63. Kf2 b5 64. cxb5+ Kxb5 65. Rb2+ Kc6 66. Rc2 Kb5 67. Rc1 Rh3 68. Kg1 Re3 0-1